000 00397 a2200169 4500
001 190976
020 _a978-85-7319-814-0
040 _cMagnum
100 _aGuéraud, Guillaume
240 1 0 _aMedonhos, sujos e gentis
_lpor
245 1 0 _aMedonhos, sujos e gentis
300 _a112
362 0 _a2012
440 1 _aDimensão
697 _aLITERATURA INFANTO-JUVENIL ESTRANGEIRA
942 _cBK
999 _c190976
_d190976